LEADER 00851cam0-2200325---450- 001 990005502320403321 005 20100914140644.0 035 $a000550232 035 $aFED01000550232 035 $a(Aleph)000550232FED01 035 $a000550232 100 $a19990604d1962----km-y0itay50------ba 101 1 $aita$cfre 102 $aIT 105 $ay-------001yy 200 1 $aAutocritica$euna domanda sul comunismo$fEdgar Morin 210 $aBologna$cil Mulino$d1962 215 $a285 p.$d23 cm 225 1 $aSaggi$v32 454 0$12001$aAutocritique$923748 610 0 $aComunismo 676 $a321.84 700 1$aMorin,$bEdgar$038178 801 0$aIT$bUNINA$gRICA$2UNIMARC 901 $aBK 912 $a990005502320403321 952 $a321.84 MOR 1$bBIBL. 36087$fFLFBC 959 $aFLFBC 996 $aAutocritique$923748 997 $aUNINA LEADER 01218nam0-22003371i-450- 001 990000039640403321 010 $a0-08-028380-2 035 $a000003964 035 $aFED01000003964 035 $a(Aleph)000003964FED01 035 $a000003964 100 $a20011111d--------km-y0itay50------ba 101 0 $aita 105 $ay-------001yy 200 1 $aSatellite pertubations and orbital determination$eproceedings of the topical meeting of the COSPAR technical panel ondinamics of artificial satellites and space probes of the COSPAR twenty-third plenary meeting, held in Budapest, 2-14 June 1980$fedited by P. Lala. 210 $aOxford$cPergamon Press$d1981 215 $aV, 95 p.$cill.$d24 cm 225 1 $aAdvances in space research$vVol. 1. n. 6 610 0 $aCongressi$aBudapest$a1980 610 0 $aSatelliti artificiali$aCongressi 676 $a629.47 702 1$aLāla,$bPetr 710 12$aCOSPAR PLENARY MEETING, 23., Budapest, 1980$0331751 801 0$aIT$bUNINA$gRICA$2UNIMARC 901 $aBK 912 $a990000039640403321 952 $a13 G 31 06$b32439$fFINBC 959 $aFINBC 996 $aSatellite pertubations and orbital determination$9106263 997 $aUNINA DB $aING01 LEADER 00944cam0-2200349---450- 001 990004012700403321 005 20110211135915.0 035 $a000401270 035 $aFED01000401270 035 $a(Aleph)000401270FED01 035 $a000401270 100 $a19990604d1915----km-y0itay50------ba 101 0 $aita 102 $aIT 105 $ay-------001yy 200 1 $aDella moneta$fFerdinando Galiani$ga cura di Fausto Nicolini 210 $aBari$cLaterza$d1915 215 $a383 p.$d23 cm 225 1 $aScrittori d'Italia$v73 610 0 $aMoneta$aTeorie 676 $a332.401$v20$zita 700 1$aGaliani,$bFerdinando$f<1728-1787>$067905 702 1$aNicolini,$bFausto 801 0$aIT$bUNINA$gRICA$2UNIMARC 901 $aBK 912 $a990004012700403321 952 $a332.4 GAL 1$bBibl.5721$fFLFBC 952 $aXV M 153$b4681$fFGBC 959 $aFLFBC 959 $aFGBC 996 $aDella moneta$988554 997 $aUNINA